| Поле | Название | Значение |
| |
Тип записи |
l |
| |
Библиографический уровень |
m |
| 001 |
Контрольный номер |
RU/IS/BASE/285699256 |
| 005 |
Дата корректировки |
20230707133350.8 |
| 010 |
Индекс ISBN |
__ |
| a |
ISBN |
5-9677-0167-2 |
| d |
Цена |
96-00 |
| 101 |
Язык документа |
0_ |
| a |
Язык текста |
rus |
| 200 |
Заглавие и сведения об ответственности |
1_ |
| a |
Заглавие |
Мороз Иванович ; Необойденный дом |
| e |
Сведения, относящиеся к заглавию |
аудиоспектакли по сказкам |
| b |
Общее обозначение материала |
Электронный ресурс |
| 210 |
Выходные данные |
1_ |
| a |
Место издания |
М. |
| c |
Издательство |
1 "С-Паблишинг" |
| d |
Дата издания |
2005 |
| 215 |
Физическое описание |
__ |
| a |
Объем |
1 электрон. опт. диск (СD-ROM) (64 мин.) |
| c |
Иллюстрации/тип воспроизводства |
зв. |
| 225 |
Серия (Журнальная рубрика) |
2_ |
| a |
Серия (Журнальная рубрика) |
Театральный фонограф |
| 225 |
Серия (Журнальная рубрика) |
2_ |
| a |
Серия (Журнальная рубрика) |
Аудиокниги |
| 230 |
Специфическая характеристика материала: электронные ресурсы |
__ |
| a |
Обозначение и объем ресурса |
Электрон. зв. дан. |
| 300 |
Общие примечания |
__ |
| a |
Общие примечания |
Систем. требования: MS Windows ; Pentium 100 ; RAM 16 Мб ; SVGA 800x600 ; CD-ROM ; звуковая карта ; колонки или наушники ; мышь. - Загл. с контейнера |
| 606 |
Тематические рубрики |
__ |
| a |
Основная рубрика |
Художественная литература |
| 608 |
Указатель предметных рубрик |
__ |
| a |
Жанр/форма |
аудиоспектакль; сказка |
| 610 |
Ключевые слова |
0_ |
| a |
Ключевые слова |
литература русская ; говорящая книга |
| 610 |
Ключевые слова |
0_ |
| a |
Ключевые слова |
детская литература |
| 686 |
Индексы других классификаций |
__ |
| a |
Индекс ББК |
85.38+84(2Рос=Рус)1-4я04 |
| 700 |
Автор |
_1 |
| a |
Фамилия |
Одоевский |
| b |
Имя |
В. Ф. |
| g |
Полное личное имя |
Владимир Федорович |
| 801 |
Источник записи |
_0 |
| a |
Страна |
RU |
| b |
Организация |
ЦРБ, Сургут |
| g |
Правила каталогизации |
PSBO |
| 801 |
Источник записи |
_1 |
| a |
Страна |
RU |
| b |
Организация |
ЦРБ, Сургут |
| g |
Правила каталогизации |
PSBO |
| 852 |
Данные о местонахождении |
__ |
| j |
Шифр хранения |
85.38 |
| i |
Авторский знак |
О 44 |
| p |
Инвентарный номер |
75801 |
| b |
Сигла хранения |
9; 10; 12; 14; 16; 18; 22; 24; 26; 29; 32 |
| 901 |
Тип документа |
__ |
| t |
Тип документа |
m |
| 905 |
Дата создания БЗ |
__ |
| a |
Дата создания БЗ |
2009.01.19 |
| 990 |
Данные о заказе (DOS) |
__ |
| h |
N записи в КСУ для Б/У (DOS) |
2009-1 |
| j |
Количество экземпляров (DOS) |
11 |